🌃 Cities around Austria Quiz Stats

Quiz not verified by Sporcle

Challenge
Share
Tweet
Embed
Score 0/60 Timer 10:00
0 Plays Today
Pop. City % Correct
1,450,381Munich
99.5%
688,163Zagreb
96.7%
396,955Zürich
95.1%
279,756Ljubljana
94%
422,932Bratislava
93.5%
377,028Brno
92.4%
204,420Trieste
80.4%
95,589Maribor
76.6%
286,374Augsburg
74.5%
106,441Bolzano
73.4%
129,568Győr
67.4%
99,169Udine
65.2%
50,566Passau
63%
122,636Ulm
63%
75,538St. Gallen
62%
117,317Trento
61.4%
108,268Winterthur
58.7%
81,295Luzern
54.9%
93,513České Budějovice
51.1%
82,859Konstanz
50%
61,844Rosenheim
44%
100,154Olomouc
41.8%
61,887Sopron
37%
77,670Nitra
37%
77,973Szombathely
35.3%
65,596Trnava
34.8%
37,787Celje
34.2%
59,108Friedrichshafen
32.6%
66,947Kempten
29.9%
75,171Zlín
29.9%
Pop. City % Correct
39,462Merano
29.9%
35,948Schaffhausen
28.3%
69,211Landshut
27.7%
42,841Memmingen
25%
49,830Ravensburg
23.4%
46,705Dachau
22.8%
55,698Trenčín
22.8%
37,586Kranj
21.7%
38,839Varaždin
21.7%
66,362Tatabánya
21.2%
58,829Zalaegerszeg
19.6%
46,963Freising
19%
50,714Jihlava
19%
57,237Neu-Ulm
18.5%
46,806Straubing
16.8%
47,287Singen ♪
15.8%
60,392Veszprém
15.8%
47,683Nagykanizsa
13%
42,731Kaufbeuren
12.5%
51,229Pordenone
10.3%
36,159Erding
9.8%
43,994Přerov
9.2%
54,085Sesvete
8.2%
36,641Třebíč
7.1%
38,721Nové Zámky
7.1%
43,977Prostějov
6%
39,387Germering
4.9%
39,289Rovereto
4.9%
35,870Belluno
3.8%
44,431Albstadt
2.7%

You're not logged in!

Compare scores with friends on all Sporcle quizzes.
Join for Free
OR
Log In

You Might Also Like...

Show Comments

Extras

Top Quizzes Today


Score Distribution

Your Account Isn't Verified!

In order to create a playlist on Sporcle, you need to verify the email address you used during registration. Go to your Sporcle Settings to finish the process.

Report this User

Report this user for behavior that violates our Community Guidelines.

Details: